000 00655nam a22002417a 4500
003 UA-OsUOA
001 96415
007 ta
008 20130319b un ||||| |||| 00| 0 ukr d
100 _aМальцев Е.
090 _a821.161.1
_bМ20
942 _cBK
040 _aUA-OsUOA
_brus
_cUA-OsUOA
_dUA-OsUOA
245 _aВойди в каждый дом
_bроман
300 _a400 с.
955 _a3
041 _arus
080 _a821.161.1
260 _aМ.
_bМолодая гвардия
_c1968
246 3 1 _aкнига вторая
_n
650 7 _a82 Література. Літературознавство
_2UDC
999 _c382593
_d382593